[Event "Titled Tue 26th Aug Early"]
[Site "chess.com INT"]
[Date "2025.08.26"]
[Round "9"]
[White "Bogdanov, Artyom"]
[Black "Krzywda, Andrzej"]
[Result "1-0"]
[WhiteTitle "FM"]
[BlackTitle "CM"]
[WhiteElo "2383"]
[BlackElo "2149"]
[WhiteFideId "13749200"]
[BlackFideId "1114565"]
[EventDate "2025.08.26"]

1. Nf3 c5 2. e3 Nf6 3. c4 g6 4. Nc3 Bg7 5. d4 O-O 6. dxc5 Na6 7. Be2 Nxc5 8. O-O
b6 9. Nd4 Bb7 10. b4 Nce4 11. Nxe4 Nxe4 12. Bb2 d6 13. Bf3 Qc8 14. Rc1 Nf6 15.
Nb3 Rd8 16. Qe2 Rb8 17. Rfd1 Bxf3 18. Qxf3 Qg4 19. Qxg4 Nxg4 20. Bxg7 Kxg7 21.
h3 Ne5 22. f4 Nd7 23. Kf2 Rdc8 24. Nd4 a6 25. b5 axb5 26. cxb5 Rxc1 27. Rxc1 Ra8
28. Rc2 Nc5 29. Nc6 e6 30. Ke2 Ra3 31. Nd4 h5 32. Nc6 Kf6 33. Kf3 Nd3 34. Rd2 d5
35. g4 hxg4+ 36. hxg4 Nc1 37. g5+ Kg7 38. Nb4 Ra4 39. Rb2 Kf8 40. Kg2 Ke7 41.
Nc6+ Kd6 42. Ne5 Rxa2 43. Nxf7+ Ke7 44. Rxa2 Nxa2 45. Ne5 Nc3 46. Nxg6+ Kf7 47.
Ne5+ Kg7 48. Nd7 Nxb5 49. Nxb6 d4 50. e4 d3 51. Nc4 Kg6 52. Kf3 Nd4+ 53. Ke3
Nc2+ 54. Kxd3 Ne1+ 55. Kd4 Ng2 56. Ke5 Nh4 57. Kxe6 Kg7 58. f5 1-0

[Event "Titled Tue 26th Aug Early"]
[Site "chess.com INT"]
[Date "2025.08.26"]
[Round "9"]
[White "Ivannikov, Maksim"]
[Black "Drozdowski, Kacper"]
[Result "1-0"]
[WhiteTitle "CM"]
[BlackTitle "IM"]
[WhiteElo "2100"]
[BlackElo "2450"]
[WhiteFideId "34275339"]
[BlackFideId "1136720"]
[EventDate "2025.08.26"]

1. e4 c5 2. Nf3 e6 3. d4 cxd4 4. Nxd4 a6 5. Nc3 Qc7 6. Qf3 Nc6 7. Be3 b5 8.
O-O-O Bb7 9. Qg3 Qxg3 10. hxg3 Nxd4 11. Bxd4 b4 12. Na4 Bxe4 13. Nb6 Rd8 14.
Bxa6 Bxg2 15. Rhg1 Bf3 16. Rd2 Ne7 17. Bc5 Nd5 18. Bxf8 Rxf8 19. Nc4 Ke7 20. Ne5
Be4 21. Re1 Nf6 22. Bb5 d6 23. Rxe4 Nxe4 24. Nc6+ Kf6 25. Rd4 d5 26. Nxd8 Rxd8
27. Rxb4 g5 28. a4 Ra8 29. Rb3 Ke5 30. Re3 Kd6 31. b4 f5 32. f4 g4 33. a5 h5 34.
Bd3 e5 35. fxe5+ Kxe5 36. a6 Kd4 37. Re1 Nxg3 38. b5 Kc5 39. Re6 h4 40. Rc6+ Kd4
41. b6 h3 42. b7 Rh8 43. Rh6 Rxh6 44. b8=Q Ne4 45. a7 h2 46. Qxh2 Rxh2 47. a8=Q
g3 48. Qa4+ Ke5 49. Qe8+ Kf4 50. Qb8+ Kf3 51. Qe5 g2 52. Qxh2 Kf2 53. Qf4+ Ke1
54. Qe3# 1-0

[Event "Titled Tue 26th Aug Early"]
[Site "chess.com INT"]
[Date "2025.08.26"]
[Round "9"]
[White "Souleidis, Georgios"]
[Black "Huschenbeth, Niclas"]
[Result "1-0"]
[WhiteTitle "IM"]
[BlackTitle "GM"]
[WhiteElo "2418"]
[BlackElo "2591"]
[WhiteFideId "4206827"]
[BlackFideId "24604747"]
[EventDate "2025.08.26"]

1. e4 e5 2. Nc3 Nf6 3. d4 exd4 4. Qxd4 Nc6 5. Qd3 Bc5 6. Bf4 d6 7. Qd2 Be6 8. f3
Qd7 9. O-O-O O-O-O 10. Bb5 a6 11. Ba4 d5 12. e5 Nh5 13. Bg5 f6 14. exf6 gxf6 15.
Bh4 d4 16. Ne4 Bb6 17. g4 f5 18. gxf5 Bxf5 19. Bxd8 Rxd8 20. Ne2 Qd5 21. Bb3 Qd7
22. N2g3 Bg6 23. Nxh5 Bxh5 24. Nf6 Qf5 25. Nxh5 Qxh5 26. f4 Kb8 27. Kb1 d3 28.
c3 Qf5 29. Ka1 Na5 30. Rhe1 c5 31. Re5 Qh3 32. c4 Nc6 33. Re3 Qf5 34. Rxd3 Nd4
35. Qe3 Ka7 36. Qe5 Qg4 37. Qe1 Nxb3+ 38. axb3 Rd4 39. Rxd4 cxd4 40. Qd2 Qf5 41.
Re1 Qf6 42. Qd3 Bc5 43. f5 Qb6 44. Re6 Qa5+ 45. Kb1 Qc7 46. Re2 Qf4 47. Qd2 Qf1+
48. Re1 Qxf5+ 49. Ka2 Qe5 50. Rxe5 1-0

[Event "Titled Tue 26th Aug Early"]
[Site "chess.com INT"]
[Date "2025.08.26"]
[Round "9"]
[White "Samunenkov, Ihor"]
[Black "Karamsetty, Jeevan"]
[Result "1-0"]
[WhiteTitle "GM"]
[BlackTitle "FM"]
[WhiteElo "2548"]
[BlackElo "2244"]
[WhiteFideId "14187086"]
[BlackFideId "2025337"]
[EventDate "2025.08.26"]

1. d4 d6 2. e4 Nf6 3. Nc3 e5 4. Nf3 Nbd7 5. Bc4 Be7 6. O-O O-O 7. a4 h6 8. Qe2
c6 9. Rd1 Qc7 10. h3 Re8 11. dxe5 Nxe5 12. Nxe5 dxe5 13. Be3 Bf8 14. Rd3 Be6 15.
Bxe6 Rxe6 16. Rad1 Ree8 17. Qf3 Re6 18. b3 Qa5 19. Ne2 Bc5 20. Ng3 Bxe3 21. Qxe3
Kh7 22. Nf5 Qb4 23. Nd6 Kg8 24. Qd2 Qxd2 25. R3xd2 Re7 26. Nf5 Rc7 27. f3 Kh7
28. a5 c5 29. c3 Re8 30. Rd6 a6 31. Kf2 c4 32. b4 Rec8 33. Ne3 Rc6 34. Rd8 R8c7
35. g4 b6 36. axb6 Rxb6 37. Ra1 Ra7 38. Ra5 Nd7 39. Nxc4 Rc6 40. Rxd7 Rxd7 41.
Nxe5 Rd2+ 42. Kg3 Rdd6 43. Nxc6 Rxc6 44. Ra3 Kg6 45. Kf4 Kf6 46. Ke3 g5 47. Kd4
Ke6 48. c4 Rd6+ 49. Ke3 Ke5 50. c5 Rc6 51. Kd3 f6 52. Kc4 Ke6 53. Kd4 Kd7 54.
Kd5 Kc7 55. b5 a5 56. bxc6 1-0

[Event "Titled Tue 26th Aug Early"]
[Site "chess.com INT"]
[Date "2025.08.26"]
[Round "9"]
[White "Shubhi Gupta"]
[Black "Rossi, Maximiliano"]
[Result "1/2-1/2"]
[WhiteTitle "WFM"]
[WhiteElo "2213"]
[BlackElo "2013"]
[WhiteFideId "25195425"]
[BlackFideId "113425"]
[EventDate "2025.08.26"]

1. d4 d5 2. Nf3 Nf6 3. Bg5 e6 4. e3 Be7 5. Nbd2 O-O 6. Bd3 c5 7. c3 b6 8. O-O
Ba6 9. Bxa6 Nxa6 10. Ne5 Nb8 11. f4 Nfd7 12. Bxe7 Qxe7 13. Rf3 f6 14. Nd3 Nc6
15. Rh3 e5 16. Qb3 Qf7 17. Qa4 Rac8 18. Rf1 exd4 19. exd4 Rfe8 20. Nf3 Re2 21.
Qd1 Re4 22. Nd2 Re7 23. dxc5 Nxc5 24. Nb3 Ne4 25. f5 Ne5 26. Nf4 Nc4 27. Qg4 Ng5
28. Rd3 Ne3 29. Rxe3 Rxe3 30. Nd4 Re4 31. Qg3 Rce8 32. Nfe6 Nxe6 33. fxe6 R4xe6
34. Nxe6 Qxe6 35. Rd1 Qe2 36. Rxd5 Qxb2 37. h3 Qb1+ 38. Kh2 Qg6 39. Qf3 Qf7 40.
Qd3 Qc7+ 41. Kg1 Re7 42. Rd8+ Kf7 43. Qd5+ Kg6 44. Qd3+ Kf7 45. Qd5+ Kg6 46.
Qd3+ Kf7 1/2-1/2

[Event "Titled Tue 26th Aug Early"]
[Site "chess.com INT"]
[Date "2025.08.26"]
[Round "9"]
[White "Tallada Serret, Gerard"]
[Black "Aalto, Patrik"]
[Result "0-1"]
[WhiteTitle "CM"]
[BlackTitle "FM"]
[WhiteElo "2091"]
[BlackElo "2335"]
[WhiteFideId "54764190"]
[BlackFideId "510726"]
[EventDate "2025.08.26"]

1. e4 c5 2. c3 Nf6 3. e5 Nd5 4. d4 cxd4 5. cxd4 d6 6. Bc4 Nb6 7. Bb5+ Bd7 8. e6
Bxb5 9. Qh5 Qc7 10. Qxb5+ Qc6 11. exf7+ Kxf7 12. Qb3+ Ke8 13. Nc3 Qxg2 14. Qb5+
N8d7 15. Qh5+ g6 16. Qf3 Qxf3 17. Nxf3 Bg7 18. Be3 Rc8 19. Ke2 Nf6 20. Rac1 Kd7
21. Rhd1 Nfd5 22. Nxd5 Nxd5 23. Nd2 b5 24. Nb3 Rxc1 25. Rxc1 Rc8 26. Rxc8 Kxc8
27. Na5 Kd7 28. Nb3 a6 29. Nc1 Ke6 30. Nd3 Kf5 31. Kf3 e5 32. dxe5 Bxe5 33. h3
Nxe3 34. Kxe3 Bf6 35. b3 a5 36. Kf3 d5 37. Nc5 Bc3 38. Nd3 d4 39. Nf4 g5 40. Nd3
h5 41. Nc5 g4+ 42. hxg4+ hxg4+ 43. Ke2 Ke5 44. Nd3+ Ke4 45. Nc5+ Kd5 46. Nd3 a4
47. Nf4+ Ke4 48. Nd3 axb3 49. axb3 Ba5 50. Nc5+ Kd5 51. Nd3 Bc7 52. Nb4+ Ke4 53.
Nd3 Bd6 54. Ne1 d3+ 55. Nxd3 Kd4 56. Kd2 Bc7 57. Ke2 Bb6 58. Nf4 Ba7 59. Ne6+
Kd5 60. Nc7+ Kc6 61. Ne6 Bb6 0-1

[Event "Titled Tue 26th Aug Early"]
[Site "chess.com INT"]
[Date "2025.08.26"]
[Round "9"]
[White "Gomes, Luiz Alexandre de Souza"]
[Black "Dandeniya, D D L N"]
[Result "1-0"]
[WhiteTitle "FM"]
[BlackTitle "CM"]
[WhiteElo "2254"]
[BlackElo "1985"]
[WhiteFideId "2102790"]
[BlackFideId "29928818"]
[EventDate "2025.08.26"]

1. e4 e6 2. d3 c5 3. Nd2 d6 4. Ngf3 Nc6 5. g3 Nf6 6. Bg2 Be7 7. O-O O-O 8. c3
Rb8 9. Qc2 b5 10. Re1 Bb7 11. Nf1 Qd7 12. Bd2 Rfc8 13. Rad1 a5 14. Bc1 Ba6 15.
Bh3 h6 16. Ne3 Qb7 17. Bg2 Qa7 18. Bh3 a4 19. Ng4 Bb7 20. Bf4 Rd8 21. Qc1 a3 22.
b3 Bc8 23. e5 dxe5 24. Nfxe5 Nxe5 25. Bxe5 Nxg4 26. Bxb8 Qxb8 27. Bxg4 Bb7 28.
Qe3 Kh8 29. Bf3 Bg5 30. Qe2 Ba6 31. h4 Bf6 32. Qc2 b4 33. d4 cxd4 34. cxd4 Bxd4
35. Kg2 Bc3 36. Rxd8+ Qxd8 37. Rd1 Qc7 38. Qe4 g6 39. Qa8+ Bc8 40. Qc6 Qxc6 41.
Bxc6 Kg7 42. Rd8 Ba6 43. Rd7 Kf6 44. Ra7 Bd3 45. Be8 Bb1 46. Rxf7+ Ke5 47. f4+
Kd6 48. Rd7+ Kc5 49. Rc7+ Kb6 50. Rc6+ Kb7 51. Rxe6 1-0

[Event "Titled Tue 26th Aug Early"]
[Site "chess.com INT"]
[Date "2025.08.26"]
[Round "9"]
[White "Sindarov, Javokhir"]
[Black "Svane, Rasmus"]
[Result "1-0"]
[WhiteTitle "GM"]
[BlackTitle "GM"]
[WhiteElo "2722"]
[BlackElo "2619"]
[WhiteFideId "14205483"]
[BlackFideId "4657101"]
[EventDate "2025.08.26"]

1. e4 e5 2. Nf3 Nc6 3. Bb5 a6 4. Ba4 Nf6 5. Nc3 Be7 6. Bxc6 dxc6 7. h3 O-O 8. d3
Nd7 9. Ne2 Re8 10. Ng3 Bd6 11. O-O Nf8 12. Re1 Ng6 13. Nf5 Be6 14. Ng5 Qd7 15.
Nxe6 Qxe6 16. Qf3 Bf8 17. h4 Ne7 18. g4 c5 19. b3 Nc6 20. Be3 g6 21. Ng3 Nd4 22.
Bxd4 cxd4 23. Kg2 f6 24. Rh1 Bh6 25. h5 Kg7 26. hxg6 hxg6 27. Nf5+ gxf5 28. gxf5
Qg8 29. Rh3 Kf8+ 30. Kf1 Bf4 31. Ke2 Ke7 32. Rah1 Kd6 33. Rh7 Re7 34. R7h4 Rg7
35. c3 c5 36. Rxf4 exf4 37. e5+ fxe5 38. Rh6+ Kc7 39. Qe4 Re8 40. b4 Qxa2+ 41.
Kf3 Qb1 42. Qe2 e4+ 43. dxe4 d3 44. Qd2 Qg1 45. Qxf4+ Kc8 46. f6 Rd7 47. f7 Qd1+
48. Kg2 Rf8 49. Qf5 d2 50. Qxc5+ Kb8 51. Qxf8+ Ka7 52. Qc5+ b6 53. Qxb6+ Ka8 54.
f8=Q+ Rd8 55. Qfxd8# 1-0

[Event "Titled Tue 26th Aug Early"]
[Site "chess.com INT"]
[Date "2025.08.26"]
[Round "9"]
[White "Tran Le Vy"]
[Black "Purygin, Andrei"]
[Result "0-1"]
[WhiteTitle "WFM"]
[BlackTitle "FM"]
[WhiteElo "1973"]
[BlackElo "2309"]
[WhiteFideId "12423599"]
[BlackFideId "24111180"]
[EventDate "2025.08.26"]

1. e4 e5 2. Nf3 d5 3. exd5 e4 4. Qe2 Nf6 5. d3 Qxd5 6. Nc3 Bb4 7. Bd2 Bxc3 8.
Bxc3 O-O 9. Nd2 exd3 10. Qxd3 Re8+ 11. Be2 Bf5 12. Qxd5 Nxd5 13. Bd4 Bxc2 14.
Kf1 Nc6 15. Bc5 b6 16. Rc1 bxc5 17. Rxc2 Nd4 18. Rxc5 Rxe2 19. Nf3 Rxb2 20. Nxd4
Rb1+ 21. Ke2 Rxh1 22. Rxd5 Rxh2 23. Rc5 Rxg2 24. Rxc7 Rg6 25. Nf5 Ra6 26. Rc2 g6
27. Ne7+ Kg7 28. Nd5 Rd6 29. Ne3 h5 30. Rc1 Ra6 31. Rc2 h4 32. Kf3 Rh8 33. Kg2
f5 34. Rc7+ Kf6 35. Nd5+ Ke5 36. Nb4 Ra4 37. Nd3+ Kd6 38. Rf7 g5 39. Rxf5 g4 40.
Rf6+ Kd5 41. Rf5+ Ke6 42. Rg5 Kf6 43. Rc5 Rxa2 44. Nb4 Rb2 45. Nd3 Rd2 46. Nf4
g3 47. Nh5+ Kg6 48. Nf4+ Kf7 49. Rf5+ Kg7 50. Ne6+ Kg6 51. Rf3 Rxf2+ 52. Rxf2
gxf2 53. Kxf2 h3 54. Nf4+ Kf5 55. Nxh3 Rxh3 56. Kg2 Re3 0-1

[Event "Titled Tue 26th Aug Early"]
[Site "chess.com INT"]
[Date "2025.08.26"]
[Round "9"]
[White "Matveeva, Olga"]
[Black "Ejsymont, Blanka"]
[Result "1-0"]
[WhiteTitle "WIM"]
[BlackTitle "WCM"]
[WhiteElo "2132"]
[BlackElo "2071"]
[WhiteFideId "24107018"]
[BlackFideId "21088268"]
[EventDate "2025.08.26"]

1. d4 d5 2. c4 e6 3. Nf3 Nf6 4. g3 c6 5. Bg2 dxc4 6. O-O Be7 7. a4 O-O 8. Qc2 b5
9. axb5 Bb7 10. Qxc4 cxb5 11. Qxb5 Qb6 12. Qxb6 axb6 13. Rxa8 Bxa8 14. Nc3 Nc6
15. Bf4 Nb4 16. Ra1 Nbd5 17. Bd2 Nxc3 18. bxc3 Ne4 19. Be1 Bd5 20. Ne5 Rc8 21.
c4 Ba8 22. Rxa8 Rxa8 23. Bxe4 Ra1 24. Nd3 Ra4 25. Kg2 Rxc4 26. e3 h6 27. Ne5 Ra4
28. Bc6 Ra2 29. Kf3 Rc2 30. d5 exd5 31. Bxd5 Rc5 32. e4 Rc1 33. Bd2 Rc2 34. Be3
Bc5 35. Bxc5 bxc5 36. Nxf7 Kf8 37. Nd6 Rc1 38. e5 Rd1 39. Bc4 Rd4 40. Ke3 Rd1
41. h4 g6 42. Ne4 Ke7 43. Be2 Rd5 44. f4 c4 45. Bxc4 Ra5 46. Kd4 Ra3 47. h5 gxh5
48. f5 Rf3 49. f6+ Ke8 50. e6 h4 51. gxh4 Rf4 52. Ke5 Rf3 53. e7 Rf1 54. Nd6+
Kd7 55. e8=Q+ Kc7 56. Qc8+ Kb6 57. Qb7+ Kc5 58. Qb5# 1-0

[Event "Titled Tue 26th Aug Early"]
[Site "chess.com INT"]
[Date "2025.08.26"]
[Round "9"]
[White "Aghasiyev, Kamal"]
[Black "Jimenez Salas, Maria Teresa"]
[Result "1/2-1/2"]
[WhiteTitle "IM"]
[BlackTitle "WIM"]
[WhiteElo "2441"]
[BlackElo "2249"]
[WhiteFideId "13402854"]
[BlackFideId "3843866"]
[EventDate "2025.08.26"]

1. e4 c5 2. Nf3 Nc6 3. Bb5 e6 4. O-O Nge7 5. c3 a6 6. Ba4 b5 7. Bc2 d5 8. d4
dxe4 9. Bxe4 cxd4 10. cxd4 Nd5 11. Nc3 Be7 12. Nxd5 exd5 13. Bc2 O-O 14. Qd3 g6
15. a3 Bf5 16. Qe2 Bxc2 17. Qxc2 Rc8 18. Qd3 Bf6 19. Bf4 Bg7 20. Rac1 Qd7 21.
Qd2 Rfe8 22. Rc2 Ne7 23. Ne5 Qf5 24. Rfc1 Rxc2 25. Rxc2 Rc8 26. Rxc8+ Qxc8 27.
h3 Nf5 28. Qd3 Bf8 29. Ng4 Bg7 30. g3 Qc4 31. Qd1 Qxd4 32. Qe1 Qe4 33. Qa5 Qe6
34. Qd8+ Bf8 35. Nf6+ Kg7 36. Ne8+ Kg8 37. Nf6+ Kg7 38. Nxd5 Bd6 39. Bxd6 Nxd6
40. Ne7 Qe1+ 41. Kg2 Qe4+ 42. Kg1 Nf5 43. Qg8+ Kf6 44. Nxf5 Qxf5 45. Qxh7 Qb1+
46. Kg2 Qe4+ 47. Kg1 Qe1+ 48. Kg2 Qe4+ 49. Kh2 Qe2 50. Qh8+ Ke7 51. Qd4 Kf8 52.
h4 Kg8 53. b4 Qa2 54. Qe3 Qb2 55. Kg2 Kg7 56. Kf3 Qf6+ 57. Kg2 Qb2 58. Kh2 Qf6
59. Kg1 Qa1+ 60. Kg2 Qb2 1/2-1/2

[Event "Titled Tue 26th Aug Early"]
[Site "chess.com INT"]
[Date "2025.08.26"]
[Round "9"]
[White "Bok, Benjamin"]
[Black "Srihari, L"]
[Result "1-0"]
[WhiteTitle "GM"]
[BlackTitle "IM"]
[WhiteElo "2587"]
[BlackElo "2368"]
[WhiteFideId "1017063"]
[BlackFideId "46642056"]
[EventDate "2025.08.26"]

1. d4 d5 2. c4 e6 3. Nc3 a6 4. cxd5 exd5 5. Nf3 Nf6 6. Bg5 Be7 7. e3 c6 8. Bd3
O-O 9. Qc2 Nbd7 10. O-O h6 11. Bf4 Nh5 12. Be5 Re8 13. Nxd5 Nxe5 14. Nxe7+ Qxe7
15. Nxe5 Be6 16. Bh7+ Kh8 17. Bf5 Rad8 18. Bxe6 Qxe6 19. Qb3 Qxb3 20. axb3 Kg8
21. Rfc1 Nf6 22. Nd3 Ne4 23. Rc2 Rd5 24. Kf1 f5 25. b4 g5 26. Ra5 Rb5 27. f3 Nd6
28. Ke2 Kf7 29. b3 Kf6 30. Rxb5 Nxb5 31. Kd2 f4 32. exf4 Nxd4 33. fxg5+ hxg5 34.
Rc4 Nf5 35. Nc5 Re7 36. Rg4 Nd6 37. Rd4 Nb5 38. Ne4+ Kg6 39. Rd8 Re5 40. Rg8+
Kh6 41. Rb8 Re7 42. Rh8+ Kg7 43. Rh5 Rd7+ 44. Ke3 Nd4 45. Rxg5+ Kh6 46. Rg8 Nc2+
47. Kf2 Nxb4 48. g4 Nd5 49. h4 Kh7 50. Ra8 Kg7 51. h5 Nf4 52. Rg8+ Kf7 53. Rb8
Ne6 54. Rxb7 Rxb7 55. Nd6+ Kf6 56. Nxb7 Nd4 57. Nc5 a5 58. f4 Ke7 59. Ke3 Nc2+
60. Ke4 Kd6 61. Nd3 Na1 62. h6 1-0

[Event "Titled Tue 26th Aug Early"]
[Site "chess.com INT"]
[Date "2025.08.26"]
[Round "9"]
[White "Molaei, Mohammadamin"]
[Black "Wen, Gehua"]
[Result "0-1"]
[WhiteTitle "IM"]
[BlackTitle "CM"]
[WhiteElo "2325"]
[BlackElo "2196"]
[WhiteFideId "12541451"]
[BlackFideId "8603430"]
[EventDate "2025.08.26"]

1. d4 Nf6 2. c4 e6 3. g3 d5 4. Bg2 Bb4+ 5. Bd2 Be7 6. Nf3 O-O 7. O-O c6 8. Qc2
b6 9. Bf4 Nbd7 10. Nbd2 Bb7 11. e4 dxe4 12. Nxe4 Nxe4 13. Qxe4 Nf6 14. Qe2 c5
15. Rfd1 cxd4 16. Nxd4 Qc8 17. Rac1 Bxg2 18. Kxg2 Qb7+ 19. Qf3 Qxf3+ 20. Kxf3
Rfc8 21. Nb5 Rc6 22. b3 Kf8 23. Rd3 h6 24. h4 a6 25. Nd4 Rcc8 26. Rcd1 Ke8 27.
g4 Bc5 28. g5 hxg5 29. hxg5 Nh5 30. Be5 Bxd4 31. Bxd4 b5 32. c5 Rd8 33. Kg4 g6
34. Be5 Rxd3 35. Rxd3 a5 36. a3 b4 37. axb4 axb4 38. c6 Rc8 39. c7 Ke7 40. Kf3
f6 41. gxf6+ Nxf6 42. Bd6+ Ke8 43. Bxb4 Nd5 44. Bd6 Kd7 45. Bg3 Rf8+ 46. Ke4 Rc8
47. b4 Kc6 48. Ke5 Nxb4 49. Rd6+ Kxc7 50. Rxe6 Kd7 51. Rxg6 Nc6+ 52. Kd5 Ne7+
53. Ke4 Nxg6 54. Kf5 Ne7+ 55. Kg5 Ke6 56. Kf4 Nf5 57. Bh2 Rh8 58. Bg1 Rh1 0-1

[Event "Titled Tue 26th Aug Early"]
[Site "chess.com INT"]
[Date "2025.08.26"]
[Round "9"]
[White "Ng, Clive"]
[Black "Tureshbayev, Anuar"]
[Result "0-1"]
[WhiteTitle "FM"]
[BlackTitle "CM"]
[WhiteElo "2006"]
[BlackElo "2214"]
[WhiteFideId "3214869"]
[BlackFideId "651081709"]
[EventDate "2025.08.26"]

1. e4 c5 2. Nf3 d6 3. d4 cxd4 4. Nxd4 Nf6 5. Nc3 g6 6. f3 Bg7 7. Be3 O-O 8. Qd2
Nc6 9. Bc4 Nxd4 10. Bxd4 Be6 11. Bb3 Qa5 12. O-O-O b5 13. Kb1 b4 14. Nd5 Bxd5
15. exd5 Qb5 16. Qd3 Qxd3 17. cxd3 Rfc8 18. Rhe1 Rc7 19. Re2 Nh5 20. Be3 Be5 21.
g3 f5 22. f4 Bf6 23. Ba4 Kf7 24. Bc6 Rb8 25. Bf2 Ng7 26. Rde1 b3 27. axb3 Rxb3
28. Rd1 Ne8 29. d4 Bg7 30. Kc2 Rb8 31. Be1 Nf6 32. Bc3 Ne4 33. Rde1 Kf8 34. Kd3
e6 35. Ra1 Ke7 36. Ra6 Rb6 37. Rxb6 axb6 38. Re1 Kf6 39. Ra1 g5 40. Ra6 gxf4 41.
gxf4 Bh6 42. Rxb6 Bxf4 43. dxe6 Nxc3 44. bxc3 Kxe6 45. c4 Bxh2 46. Bd5+ Kf6 47.
c5 h5 48. cxd6 Rd7 49. Bb3 Bxd6 50. Ba4 Rd8 51. Ke2 Kg5 52. Kf3 h4 53. Rb7 Rg8
54. Rh7 Bg3 55. Bd7 Rd8 0-1

[Event "Titled Tue 26th Aug Early"]
[Site "chess.com INT"]
[Date "2025.08.26"]
[Round "9"]
[White "Nandish V S"]
[Black "Raghav V"]
[Result "1-0"]
[WhiteTitle "CM"]
[BlackTitle "FM"]
[WhiteElo "2251"]
[BlackElo "2343"]
[WhiteFideId "45084297"]
[BlackFideId "25922475"]
[EventDate "2025.08.26"]

1. d4 Nf6 2. c4 g6 3. Nc3 Bg7 4. e4 O-O 5. Be2 d6 6. Be3 Nbd7 7. h3 c5 8. Nf3 a6
9. O-O Rb8 10. e5 Ne8 11. exd6 Nxd6 12. dxc5 Nf5 13. Bf4 Ra8 14. Na4 e5 15. Bh2
e4 16. Nd2 Qe7 17. Nb3 e3 18. Bd6 Nxd6 19. cxd6 exf2+ 20. Rxf2 Qe3 21. Qd3 Qa7
22. c5 Ne5 23. Qc2 Bf5 24. Qd2 Rac8 25. Kh1 Rfd8 26. Raf1 Be6 27. Nd4 Bd5 28.
Nb3 Bxb3 29. axb3 Rf8 30. Bc4 Rcd8 31. Qd5 Kh8 32. Nb6 f5 33. Re2 Nc6 34. Rfe1
Nb4 35. Qe6 Nc6 36. Qd5 Nb4 37. Qf3 Nc6 38. Re7 Qb8 39. Qd5 Nb4 40. Qd2 Nc6 41.
Rc7 Ne5 42. Qe2 Nf7 43. Bxf7 Bh6 44. Qc4 Bg7 45. Bd5 Rde8 46. Ree7 Rxe7 47. Rxe7
Re8 48. Nd7 1-0

[Event "Titled Tue 26th Aug Early"]
[Site "chess.com INT"]
[Date "2025.08.26"]
[Round "9"]
[White "Duarte Cramer, Lily Jeanette"]
[Black "Karunasena, A P Chenitha Sihas Dinsara"]
[Result "1-0"]
[WhiteTitle "WCM"]
[BlackTitle "CM"]
[WhiteElo "1904"]
[BlackElo "2026"]
[WhiteFideId "29620180"]
[BlackFideId "29982596"]
[EventDate "2025.08.26"]

1. d4 d5 2. c4 e6 3. Nc3 Nf6 4. cxd5 exd5 5. Bg5 Be7 6. e3 Be6 7. Bd3 Nbd7 8.
Nge2 c5 9. a3 O-O 10. Bf4 h6 11. O-O Rc8 12. Nb5 a6 13. Nd6 Bxd6 14. Bxd6 Re8
15. Ng3 cxd4 16. exd4 Nb6 17. Bc5 Nbd7 18. Bd6 Qb6 19. Bb4 Bg4 20. Qd2 Ne4 21.
Bxe4 dxe4 22. Rac1 Nf6 23. Bc5 Qe6 24. Qb4 b5 25. Rfe1 Bf5 26. Nxf5 Qxf5 27. Qd2
Nd5 28. b4 Nf4 29. Re3 Qg5 30. g3 Nd5 31. Re2 Qg4 32. Kg2 f5 33. h3 Qh5 34. Rce1
Qf3+ 35. Kh2 f4 36. Qa2 Rcd8 37. Qc2 e3 38. Rg1 Nf6 39. fxe3 fxe3 40. Qd1 Rd5
41. Qf1 Qe4 42. Qg2 Qg6 43. Rge1 Rh5 44. Rxe3 Ng4+ 45. Kg1 Nxe3 46. Qf2 Rf5 47.
Qh2 1-0

[Event "Titled Tue 26th Aug Early"]
[Site "chess.com INT"]
[Date "2025.08.26"]
[Round "9"]
[White "Andreikin, Dmitry"]
[Black "Livaic, Leon"]
[Result "1-0"]
[WhiteTitle "GM"]
[BlackTitle "GM"]
[WhiteElo "2695"]
[BlackElo "2550"]
[WhiteFideId "4158814"]
[BlackFideId "14531534"]
[EventDate "2025.08.26"]

1. d4 d6 2. e4 Nf6 3. f3 e6 4. Be3 Be7 5. h4 a6 6. h5 b5 7. h6 g6 8. Ne2 Bb7 9.
a4 b4 10. a5 Nfd7 11. Nd2 c5 12. Nb3 Nc6 13. d5 exd5 14. exd5 Nce5 15. Ng3 Nf6
16. f4 Nxd5 17. Bd2 Nd7 18. Bc4 N7f6 19. Qe2 O-O 20. O-O-O Re8 21. f5 Kh8 22.
fxg6 fxg6 23. Bg5 Ng8 24. Bxe7 Rxe7 25. Qf2 Ne3 26. Bxg8 Kxg8 27. Nxc5 Nxd1 28.
Rxd1 Qf8 29. Qxf8+ Rxf8 30. Rxd6 Rf2 31. Nxb7 Rxb7 32. Ne4 Rxg2 33. Rd8+ Kf7 34.
Nd6+ Ke7 35. Nxb7 Rh2 36. Rd6 Rxh6 37. Rxa6 Rh1+ 38. Kd2 g5 39. Ra8 Kd7 40. Rg8
Kc6 41. a6 Kb6 42. Rxg5 Rh2+ 43. Kd3 Kxa6 44. Nc5+ Kb5 45. Ne4+ Kc6 46. Rg7 h5
47. Rg6+ Kb5 48. Rg5+ Kb6 49. Nd2 h4 50. Rh5 h3 51. Nf3 Rh1 52. Kc4 Rc1 53. Nd4
Rh1 54. Kxb4 Kc7 55. Kc5 Kd7 56. b4 Ke7 57. b5 Kf6 58. b6 Kg6 59. Rh8 Rb1 60.
Rxh3 Kg5 61. Rb3 Kg4 62. Rxb1 1-0

[Event "Titled Tue 26th Aug Early"]
[Site "chess.com INT"]
[Date "2025.08.26"]
[Round "9"]
[White "Subervi, Jonathan Sigfredo"]
[Black "Shapiro, Daniel"]
[Result "0-1"]
[WhiteTitle "FM"]
[BlackTitle "FM"]
[WhiteElo "2007"]
[BlackElo "2284"]
[WhiteFideId "6400345"]
[BlackFideId "2001780"]
[EventDate "2025.08.26"]

1. e4 c5 2. d4 cxd4 3. Qxd4 Nc6 4. Qd3 d6 5. Nc3 g6 6. Nf3 Bg7 7. Be2 Nf6 8. Nd5
O-O 9. c3 b6 10. O-O Bb7 11. Bg5 Nd7 12. Rfe1 Nde5 13. Nxe5 dxe5 14. Rad1 f6 15.
Bc1 Kh8 16. Qh3 Bc8 17. Bg4 Bxg4 18. Qxg4 Qc8 19. Qg3 e6 20. Ne3 Qc7 21. Ng4 f5
22. Nh6 f4 23. Qh3 Qe7 24. Ng4 h5 25. f3 Kg8 26. Nf2 Rad8 27. b3 Rxd1 28. Nxd1
Nd8 29. g3 Qf6 30. g4 hxg4 31. Qxg4 Kf7 32. c4 Rh8 33. Nc3 Rh4 34. Qg2 Rh5 35.
Nb5 Rg5 36. Nd6+ Kg8 37. Rd1 Rxg2+ 38. Kxg2 Nf7 39. Nb5 Qh4 40. Ba3 Ng5 41. Rd3
Qe1 42. Nc3 Qh4 43. Bd6 Qh3+ 44. Kf2 Qxh2+ 45. Ke1 Nh3 46. Rd2 Qg1+ 47. Ke2 Qe3+
48. Kd1 Qxc3 49. Be7 Qxf3+ 50. Kc2 Nf2 51. Kb2 Qxe4 52. Ka3 Qe3 53. Bb4 Qxd2 54.
Bxd2 g5 55. Bb4 e4 56. Be1 e3 57. b4 g4 58. c5 bxc5 59. bxc5 Bf8 60. Kb4 Bxc5+
61. Kxc5 g3 62. Kd4 g2 63. Ke5 g1=Q 64. Kxe6 Qg5 65. a4 Ne4 66. Bc3 Nc5+ 67. Kd6
Nxa4 68. Kc6 Nxc3 69. Kc7 Ne4 70. Kb7 e2 71. Kb8 e1=Q 72. Ka8 Qb4 73. Kxa7 Qd8
74. Ka6 Qa8# 0-1